LDR 00621naa#a2200169#i#450# 001 EN\\bibl\120261 005 20260416190815.4 011 ## _a1819-4036 100 ## _a20210331b2021####ek#y0engy0150####ca 102 ## _aRU 200 1# _aPHENOLOGICAL OBSERVATIONS OF THE PLANTING OF ACORN MAPLE (ACER PLATANOIDES), PLANTED IN URBAN CONDITIONS WITH THE USE OF COMPOST FROM WOOD AND PLANT RESIDUES _eJournal article 210 1# _aKrasnoyarsk _cKrasnoyarsk State Agrarian University _d2021 215 ## _a4 с. 608 ## _aJournal article _2local 675 ## _aБотаника. 58 _z 700 #1 _aProkopovich _gIrina Iosifovna 856 4# _avestnik.kgau.ru _u